Information and documentation
| Titel: | Information and documentation : foundation and vocabulary : ISO 5127 = Information et documentation : Fondations et vocabulaire / ISO |
|---|---|
| Körperschaft: |
|
| Ausgabe: | Second edition: 2017-05 |
| Veröffentlicht: | Geneva : ISO, 2017 |
| Umfang: | IX, 352 Seiten ; 30 x 21 cm |
| Format: | Buch |
| Sprache: | Englisch |
| Schriftenreihe/ mehrbändiges Werk: |
International standard |
X
alg: 41918884 001A $03004:25-10-17 001B $03005:31-07-20 $t10:53:01.000 001D $03004:25-10-17 001U $0utf8 001X $00 002@ $0Aau 002C $aText $btxt $2rdacontent 002D $aohne Hilfsmittel zu benutzen $bn $2rdamedia 002E $aBand $bnc $2rdacarrier 003@ $0419188843 003O $01000148294 $aOCoLC 007A $0895252848 $aGBV 007H $0ISO 5127 007H $0ISO 5127:2017(E) 010@ $aeng 010E $erda 011@ $a2017 $n2017 013D $#Norm $#Normschrift Norm $74419668-4 $8Norm [Ts1] $9088647161 021A $aInformation and documentation $dfoundation and vocabulary : ISO 5127 $fInformation et documentation $fFondations et vocabulaire $hISO 029F $BHerausgebendes Organ $#Organisation internationale de normalisation $#International Organization for Standardization $#Organización Internacional de Unificación de Normas $#Meždunarodnaja organizacija po standartizacii $#Organización Internacional de Normalización $#Međunarodna organizacija za standardizaciju $#ISO $4isb $71008314-5 $8Internationale Organisation für Normung [Tb1] $904191242X 029F $BHerausgebendes Organ $#Organisation internationale de normalisation $#International Organization for Standardization $#Organización Internacional de Unificación de Normas $#Meždunarodnaja organizacija po standartizacii $#Organización Internacional de Normalización $#Međunarodna organizacija za standardizaciju $#ISO $4isb $71008314-5 $8Internationale Organisation für Normung [Tb1] $904191242X 032@ $aSecond edition: 2017-05 033A $pGeneva $nISO 034D $aIX, 352 Seiten 034I $a30 x 21 cm 036G $aInternational standard 044K $RDokumentation $RInformations- und Dokumentationswissenschaft $RInformation $RInformationssystem $#Information und Dokumentation $#Fachinformation $#Dokumentationssystem Information und Dokumentation $#Fachinformation $#Fachinformationssystem $#Informations- und Dokumentationssystem $#Informations- und Dokumentationswesen $#IuD $#Informationswesen $#Wissenschaftliche Information $#Wissenschaftsinformation $74026901-2 $8Information und Dokumentation [Ts1] $9085067687 046L $aText englisch lok: 41918884 24 exp: 41918884 24 1 #EPN 201B/01 $001-02-18 $t08:35:01.000 201C/01 $025-10-17 201U/01 $0utf8 203@/01 $01008883050 208@/01 $a01-02-18 $bz 209A/01 $a18.00173 $du $f050 $h18 00173 $x00 209C/01 $a18.00173 K $h18 00173 K 209G/01 $a73975778 $x00 220C/01 $ahae 247C/01 $8358050-7Marburg, Bibliothek des Herder-Instituts Marburg $9102600961 exp: 41918884 24 2 #EPN 201B/02 $030-08-19 $t09:38:10.000 201C/02 $023-07-19 201U/02 $0utf8 203@/02 $01055976736 208@/02 $a30-08-19 $bz 209A/02 $a19.03867 $du $f050 $h19 03867 $x00 209A/02 $aSi-Scan $x01 209C/02 $a19.03867 G $h19 03867 G 209G/02 $a74359167 $x00 220C/02 $ahae 247C/02 $8358050-7 Marburg, Bibliothek des Herder-Instituts Marburg $9102600961 lok: 41918884 59 exp: 41918884 59 1 #EPN 201B/01 $031-07-20 $t10:53:01.000 201C/01 $031-07-20 201U/01 $0utf8 203@/01 $01116815915 208@/01 $a31-07-20 $bz 209A/01 $aA 170.28 $ds $f106 $x00 209C/01 $a2020/144 209C/01 $anel2008 247C/01 $8358106-8 Marburg, Bibliothek der Archivschule Marburg $910260097X lok: 41918884 105 exp: 41918884 105 1 #EPN 201B/01 $010-09-20 $t10:31:50.000 201C/01 $010-09-20 201U/01 $0utf8 203@/01 $01122736819 208@/01 $a10-09-20 $be 209A/01 $a/ $f106 $x00 237A/01 $aSignatur Archivschule Marburg: A 170.28 245Z/01 $a2.19. $bArchivwissenschaft und Archivtheorie / Terminologie $x01 247C/01 $8->Marburg, Bibliographie zum Archivwesen der Archivschule Marburg $939588196X
| LEADER | 00000cam a2200000 c 4500 | ||
|---|---|---|---|
| 001 | 419188843 | ||
| 003 | DE-603 | ||
| 005 | 20200731105301.0 | ||
| 007 | tu | ||
| 008 | 171025s2017 xx |||| | u00||u|eng c | ||
| 024 | 7 | |a ISO 5127 |2 iso | |
| 024 | 7 | |a ISO 5127:2017(E) |2 iso | |
| 035 | |a (DE-599)GBV895252848 | ||
| 035 | |a (OCoLC)1000148294 | ||
| 040 | |a DE-603 |b ger |c DE-603 |d DE-603 |e rda | ||
| 041 | |a eng | ||
| 245 | 0 | 0 | |a Information and documentation |b foundation and vocabulary : ISO 5127 = Information et documentation : Fondations et vocabulaire |c ISO |
| 250 | |a Second edition: 2017-05 | ||
| 264 | 1 | |a Geneva |b ISO |c 2017 | |
| 300 | |a IX, 352 Seiten |c 30 x 21 cm | ||
| 336 | |a Text |b txt |2 rdacontent | ||
| 337 | |a ohne Hilfsmittel zu benutzen |b n |2 rdamedia | ||
| 338 | |a Band |b nc |2 rdacarrier | ||
| 490 | 0 | |a International standard | |
| 546 | |a Text englisch | ||
| 650 | 7 | |a Information und Dokumentation |0 (DE-588)4026901-2 |0 (DE-603)085067687 |2 gnd | |
| 655 | 7 | |a Norm |2 gnd-content |0 (DE-588)4419668-4 |0 (DE-603)088647161 | |
| 710 | 2 | |a Internationale Organisation für Normung |e Herausgebendes Organ |4 isb |0 (DE-603)04191242X |0 (DE-588)1008314-5 |2 gnd | |
| 710 | 2 | |a Internationale Organisation für Normung |e Herausgebendes Organ |4 isb |0 (DE-603)04191242X |0 (DE-588)1008314-5 |2 gnd | |
| 924 | 0 | |9 Mb 50 |a (DE-603)1008883050 |b DE-Mb50 |c HES |d c |g 18.00173 | |
| 924 | 0 | |9 Mb 50 |a (DE-603)1055976736 |b DE-Mb50 |c HES |d c |g 19.03867 | |
| 924 | 0 | |9 Mb 106 |a (DE-603)1116815915 |b DE-Mb106 |c HES |d c |g A 170.28 | |
| 924 | 0 | |9 - |a (DE-603)1122736819 |b DE- |c HES |d d |g / | |


